Pakistan under Bhutto's leadership (Record no. 347398)

000 -LEADER
fixed length control field 00410cam a22001337a 4500
008 - FIXED-LENGTH DATA ELEMENTS--GENERAL INFORMATION
fixed length control field 180718b1985 xxu||||| |||| 00| 0 eng d
082 ## - DEWEY DECIMAL CLASSIFICATION NUMBER
Classification number F5x547 K167
100 ## - MAIN ENTRY--PERSONAL NAME
Personal name Kaushik, Surendra Nath
245 ## - TITLE STATEMENT
Title Pakistan under Bhutto's leadership
Statement of responsibility, etc. by Surendra Nath Kaushik
260 ## - PUBLICATION, DISTRIBUTION, ETC.
Place of publication, distribution, etc. Delhi
Name of publisher, distributor, etc. Uppal
Date of publication, distribution, etc. 1985
300 ## - PHYSICAL DESCRIPTION
Extent 362p.
650 ## - SUBJECT ADDED ENTRY--TOPICAL TERM
Topical term or geographic name entry element Pakistan --Politics and government --1971-1988
650 ## - SUBJECT ADDED ENTRY--TOPICAL TERM
Topical term or geographic name entry element Bhutto, Zulfikar Ali
Holdings
Withdrawn status Lost status Damaged status Not for loan Permanent Location Current Location Date acquired Full call number Barcode Date last seen Price effective from Koha item type
        Indian Institute of Public Administration Indian Institute of Public Administration 1993-10-18 F5x547 K167 61295 2018-07-21 2018-07-21 Book

Powered by Koha